[Event "First Saturday 2008 oktober FM-A"]
[Site "?"]
[Date "2008.10.08"]
[Round "5"]
[White "Torok, Tamas Titusz"]
[Black "Ignacz, Rozsa"]
[Result "0-1"]
[WhiteElo "2109"]
[BlackElo "2061"]
[PlyCount "138"]
[EventDate "2008.10.04"]

1. e4 c6 2. c4 d5 3. exd5 cxd5 4. cxd5 Nf6 5. Qa4+ Nbd7 6. Nc3 g6 7. g3 Bg7 8.
Bg2 O-O 9. d4 Nb6 10. Qb3 e6 11. Nge2 Nfxd5 12. O-O Qd6 13. Nxd5 Nxd5 14. Nc3
Rd8 15. Nxd5 exd5 16. Bg5 Rf8 17. Bf4 Qb6 18. Qxb6 axb6 19. Be5 Be6 20. Bxg7
Kxg7 21. a3 Ra4 22. Rfd1 Rc4 23. Rd3 Rfc8 24. h3 R8c6 25. Rad1 Kf8 26. Re1 Rc2
27. b4 Rb2 28. Bf1 Ke7 29. Rdd1 Rcc2 30. Rc1 Kd6 31. Rxc2 Rxc2 32. Re3 Rc1 33.
g4 Bd7 34. Kg2 Rd1 35. Bd3 Ra1 36. Be2 Ra2 37. Kf3 f5 38. Bf1 h6 39. Rc3 Ra1
40. Bd3 fxg4+ 41. hxg4 Rg1 42. Bxg6 Rxg4 43. Be8 Rxd4 44. Bxd7 Kxd7 45. Ke3 Rh4
46. Rc1 h5 47. Rg1 Kc6 48. Rg7 Rh1 49. f4 h4 50. Rh7 h3 51. Kf2 h2 52. Kg2 Ra1
53. Kxh2 Rxa3 54. f5 Rf3 55. Rf7 d4 56. Kg2 Rf4 57. Kg3 Rf1 58. Kg2 Re1 59. Kf2
Re8 60. b5+ Kxb5 61. Rd7 Re5 62. Rxd4 Rxf5+ 63. Ke3 Rc5 64. Kd3 Kc6 65. Rh4 b5
66. Rh6+ Kc7 67. Kd4 Rc6 68. Rh1 Kb6 69. Ra1 b4 0-1

[Event "First Saturday 2008 oktober FM-A"]
[Site "?"]
[Date "2008.10.08"]
[Round "5"]
[White "Teglas, Balazs"]
[Black "Cox, Tristan A"]
[Result "0-1"]
[WhiteElo "2173"]
[BlackElo "2133"]
[PlyCount "95"]
[EventDate "2008.10.04"]

1. d4 Nf6 2. Nf3 d5 3. c4 e6 4. Nc3 Bb4 5. cxd5 exd5 6. Bg5 h6 7. Bxf6 Qxf6 8.
Qb3 c5 9. e3 O-O 10. Be2 Nc6 11. dxc5 Be6 12. O-O d4 13. Nd5 Bxd5 14. Qxd5 Rad8
15. Qc4 dxe3 16. a3 exf2+ 17. Kh1 Be1 18. Nxe1 fxe1=Q 19. Raxe1 Qxb2 20. Rb1
Qxa3 21. Rb3 Qa2 22. Rxb7 Qxc4 23. Bxc4 Ne5 24. Bb5 Rc8 25. Rc1 Rfd8 26. c6
Nxc6 27. h3 Nd4 28. Bc4 Ne6 29. Rxa7 Rc5 30. Rxf7 Rxc4 31. Rxg7+ Kxg7 32. Rxc4
Nd4 33. Kh2 Kg6 34. Rc5 Rd6 35. g4 Nf3+ 36. Kg2 Ng5 37. Rc2 Ne6 38. Rf2 Rd5 39.
h4 Re5 40. Ra2 Nc5 41. Rb2 Re6 42. Rc2 Nb3 43. Rb2 Nd4 44. Kg3 Ra6 45. Kg2 Rc6
46. Rb7 Rd6 47. Rc7 Ne6 48. Ra7 0-1

[Event "First Saturday 2008 oktober FM-A"]
[Site "?"]
[Date "2008.10.09"]
[Round "6"]
[White "Yefimov, Mstislav"]
[Black "Cox, Tristan A"]
[Result "0-1"]
[WhiteElo "1978"]
[BlackElo "2133"]
[PlyCount "48"]
[EventDate "2008.10.04"]

1. d4 Nf6 2. c4 c5 3. d5 b5 4. cxb5 a6 5. b6 e6 6. Nc3 Nxd5 7. Nxd5 exd5 8.
Qxd5 Nc6 9. Bg5 f6 10. Bf4 Qxb6 11. O-O-O d6 12. Bxd6 Bxd6 13. Qxd6 Rb8 14. Rd2
Kf7 15. e4 Rd8 16. Bc4+ Ke8 17. Qf4 Rd4 18. Bb3 c4 19. Ba4 c3 20. Bxc6+ Kf8 21.
Nf3 cxd2+ 22. Kd1 Qxb2 23. Nxd4 Qc1+ 24. Ke2 d1=Q+ 0-1

[Event "First Saturday 2008 oktober FM-A"]
[Site "?"]
[Date "2008.10.09"]
[Round "6"]
[White "Jensen, Leif"]
[Black "Torok, Tamas Titusz"]
[Result "1/2-1/2"]
[WhiteElo "2036"]
[BlackElo "2109"]
[PlyCount "63"]
[EventDate "2008.10.04"]

1. e4 c5 2. g3 b6 3. Bg2 Bb7 4. d3 e6 5. f4 Nf6 6. Nf3 d6 7. c3 Qc7 8. O-O Nbd7
9. Re1 Be7 10. Na3 a6 11. Nc2 O-O 12. Ne3 b5 13. b3 Rfd8 14. c4 Ne8 15. Bb2 Bf6
16. Rb1 Bxb2 17. Rxb2 Nef6 18. Rf2 h6 19. f5 Ne5 20. fxe6 fxe6 21. Bh3 Qe7 22.
Ref1 Nfd7 23. Bg2 Nxf3+ 24. Bxf3 Ne5 25. Qe2 Rf8 26. Ng2 g5 27. Bg4 Rxf2 28.
Rxf2 Rf8 29. Rxf8+ Kxf8 30. Qf1+ Kg7 31. Ne3 Qf6 32. Be2 1/2-1/2

[Event "First Saturday 2008 oktober FM-A"]
[Site "?"]
[Date "2008.10.09"]
[Round "6"]
[White "Lantos, Attila"]
[Black "Csapo, Zoltan"]
[Result "1/2-1/2"]
[WhiteElo "1957"]
[BlackElo "2107"]
[PlyCount "56"]
[EventDate "2008.10.04"]

1. e4 e5 2. Nc3 Bc5 3. Nf3 d6 4. h3 Nf6 5. d3 h6 6. Na4 Bb4+ 7. c3 Ba5 8. b4
Bb6 9. Nxb6 axb6 10. a4 O-O 11. Be2 Qe7 12. Ba3 Nc6 13. O-O Bd7 14. Re1 Nd8 15.
b5 Nh7 16. Bf1 c5 17. Qc2 Ne6 18. d4 Nf4 19. Kh2 g5 20. g3 Ng6 21. dxe5 dxe5
22. Nd2 Kg7 23. Nc4 g4 24. Nxb6 gxh3 25. Nxd7 Qxd7 26. Bxc5 Rfc8 27. Rad1 Qc7
28. Bxh3 Qxc5 1/2-1/2

[Event "First Saturday 2008 oktober FM-A"]
[Site "?"]
[Date "2008.10.09"]
[Round "6"]
[White "Cilia Vincenti, David"]
[Black "Tesik, Csaba"]
[Result "0-1"]
[WhiteElo "2108"]
[BlackElo "2093"]
[PlyCount "154"]
[EventDate "2008.10.04"]

1. d4 Nf6 2. c4 g6 3. Nc3 Bg7 4. e4 d6 5. f3 O-O 6. Nge2 Nc6 7. Be3 a6 8. Qd2
Rb8 9. Rc1 Bd7 10. Nd1 b5 11. c5 e6 12. g3 Qe7 13. Bg2 Ne8 14. O-O dxc5 15.
Rxc5 Nd6 16. b3 Rbc8 17. f4 Nb7 18. Rc1 Ncd8 19. b4 Nd6 20. Nb2 Qe8 21. e5 Nf5
22. Bf2 h5 23. d5 exd5 24. Bc5 c6 25. Bxf8 Bxf8 26. Nd4 Nxd4 27. Qxd4 Bf5 28.
a3 Qd7 29. Rfd1 Qb7 30. Nd3 Be7 31. Nc5 Qa8 32. a4 Nb7 33. Nxb7 Qxb7 34. axb5
axb5 35. Kh1 Bd8 36. Qc5 Be7 37. Qc3 Bd8 38. Ra1 Bb6 39. Qa3 Kg7 40. Qa6 Qb8
41. Qa3 Qb7 42. Qb2 Kg8 43. Ra3 Kh7 44. Rda1 Re8 45. Qa2 Bd4 46. Ra8 Bc8 47.
Rd1 Bb6 48. h3 Re7 49. Ra3 Be6 50. Qd2 Re8 51. Kh2 Kg7 52. Bf3 Qc8 53. Rda1 Qb7
54. g4 hxg4 55. Bxg4 Qd7 56. Rg3 Rh8 57. Bxe6 Qxe6 58. Rf1 Bc7 59. Qd4 Rh5 60.
Qa7 Bd8 61. Qb8 Be7 62. Qa7 Bxb4 63. f5 Rxf5 64. Rxf5 Qxf5 65. Qd4 Be7 66. e6+
Bf6 67. Qc5 Qxe6 68. Re3 Qf5 69. Re8 Qf4+ 70. Kg2 Bd4 71. Qf8+ Kh7 72. Qg8+ Kh6
73. Qf8+ Kh5 74. Re2 Qg5+ 75. Kf3 Qg1 76. Qe8 f5 77. Qe7 Qf1+ 0-1

[Event "First Saturday 2008 oktober FM-A"]
[Site "?"]
[Date "2008.10.09"]
[Round "6"]
[White "Borda, Lajos"]
[Black "Henrichsen, Jens"]
[Result "1/2-1/2"]
[WhiteElo "2167"]
[BlackElo "1987"]
[PlyCount "56"]
[EventDate "2008.10.04"]

1. d4 Nf6 2. c4 e6 3. Nf3 b6 4. g3 Ba6 5. Qa4 Bb7 6. Bg2 c5 7. O-O cxd4 8. Nxd4
Bxg2 9. Kxg2 Qc8 10. f3 Bc5 11. Nc2 Qb7 12. b4 Be7 13. Nd2 O-O 14. e4 d6 15.
Qb3 Nbd7 16. Bb2 Rfc8 17. Rac1 a6 18. h3 Rc7 19. Ne3 Rd8 20. Rfd1 Rdc8 21. Ng4
Nxg4 22. hxg4 Bg5 23. f4 Bf6 24. g5 Bxb2 25. Qxb2 d5 26. cxd5 exd5 27. Rxc7
Rxc7 28. Qd4 dxe4 1/2-1/2

[Event "First Saturday 2008 oktober FM-A"]
[Site "?"]
[Date "2008.10.10"]
[Round "7"]
[White "Henrichsen, Jens"]
[Black "Yefimov, Mstislav"]
[Result "1/2-1/2"]
[WhiteElo "1987"]
[BlackElo "1978"]
[PlyCount "129"]
[EventDate "2008.10.04"]

1. d4 d5 2. c4 e6 3. Nf3 Be7 4. Nc3 Nf6 5. Bg5 O-O 6. e3 h6 7. Bh4 b6 8. Rc1 c5
9. dxc5 bxc5 10. cxd5 exd5 11. Qa4 Bd7 12. Bb5 Bxb5 13. Qxb5 Nbd7 14. O-O Rb8
15. Qe2 Qb6 16. b3 Rfd8 17. Rfd1 Qe6 18. h3 Rb7 19. Rc2 Nf8 20. Na4 Ne4 21.
Bxe7 Qxe7 22. Nd2 Nxd2 23. Rdxd2 Ne6 24. Qd1 d4 25. exd4 cxd4 26. Nb2 Rbd7 27.
Nd3 Rd5 28. Rc4 Qf6 29. b4 Ng5 30. Qg4 h5 31. Qf4 Rf5 32. Qc7 Ne4 33. Rdc2 Nc3
34. Rc6 Qg5 35. f4 Qh4 36. Kh2 Nd5 37. Qxd8+ Qxd8 38. Rc8 Qxc8 39. Rxc8+ Kh7
40. g3 Rf6 41. Rc5 Rd6 42. b5 g6 43. a4 Nc3 44. a5 Kg7 45. Kg2 Kf8 46. Rc8+ Ke7
47. Rc7+ Rd7 48. Rxd7+ Kxd7 49. Ne5+ Kc7 50. Kf2 Nxb5 51. Nxf7 Kd7 52. Ne5+ Ke6
53. Nxg6 Kf5 54. Nh4+ Ke4 55. Ke2 Nd6 56. f5 d3+ 57. Kd1 Ke3 58. f6 d2 59. Ng2+
Kd3 60. Nf4+ Kc3 61. Ne2+ Kd3 62. Nf4+ Ke3 63. Ng2+ Kf2 64. Nf4 Ke3 65. Ng2+
1/2-1/2

[Event "First Saturday 2008 oktober FM-A"]
[Site "?"]
[Date "2008.10.10"]
[Round "7"]
[White "Tesik, Csaba"]
[Black "Borda, Lajos"]
[Result "1/2-1/2"]
[WhiteElo "2093"]
[BlackElo "2167"]
[PlyCount "34"]
[EventDate "2008.10.04"]

1. e4 c5 2. Nf3 a6 3. Nc3 e6 4. d4 cxd4 5. Nxd4 Bb4 6. Bd3 Nc6 7. Nxc6 bxc6 8.
O-O d6 9. Be3 e5 10. f4 Nf6 11. h3 Bb7 12. Kh1 Qc7 13. a3 Bxc3 14. bxc3 c5 15.
fxe5 dxe5 16. Qe2 Rc8 17. Bxa6 Bxa6 1/2-1/2

[Event "First Saturday 2008 oktober FM-A"]
[Site "?"]
[Date "2008.10.10"]
[Round "7"]
[White "Csapo, Zoltan"]
[Black "Cilia Vincenti, David"]
[Result "0-1"]
[WhiteElo "2107"]
[BlackElo "2108"]
[PlyCount "77"]
[EventDate "2008.10.04"]

1. e4 d5 2. exd5 Qxd5 3. Nc3 Qd8 4. d4 Nf6 5. Nf3 c6 6. Ne5 Nbd7 7. Bf4 Nxe5 8.
Bxe5 Bg4 9. Qd2 e6 10. Bd3 Bh5 11. f4 Bb4 12. a3 Ba5 13. O-O O-O 14. f5 exf5
15. Bxf5 Bg6 16. Bxg6 hxg6 17. b4 Bc7 18. Qf4 Bxe5 19. dxe5 Nh5 20. Qe4 Qd2 21.
Rf3 Rae8 22. Re1 Nf6 23. Qh4 g5 24. Qg3 Nh5 25. Qf2 Qxf2+ 26. Kxf2 Nf4 27. g3
Ng6 28. Rf5 Re6 29. Rxg5 Rfe8 30. h4 Nxe5 31. Ne4 f6 32. Rf5 Ng4+ 33. Kf3 g6
34. Kxg4 gxf5+ 35. Kxf5 Re5+ 36. Kf4 Kg7 37. g4 Rd5 38. Re3 Rd1 39. Rf3 0-1

[Event "First Saturday 2008 oktober FM-A"]
[Site "?"]
[Date "2008.10.10"]
[Round "7"]
[White "Torok, Tamas Titusz"]
[Black "Lantos, Attila"]
[Result "0-1"]
[WhiteElo "2109"]
[BlackElo "1957"]
[PlyCount "50"]
[EventDate "2008.10.04"]

1. e4 e5 2. Nf3 Nc6 3. Bc4 Nf6 4. d4 Nxe4 5. O-O d5 6. Re1 Bg4 7. Bb5 Bd6 8. h3
Bxf3 9. gxf3 Ng5 10. dxe5 Bc5 11. Be3 d4 12. Bxg5 Qxg5+ 13. Kh2 Qf4+ 14. Kg2
Qg5+ 15. Kh2 O-O 16. Bxc6 bxc6 17. Qd2 Qf5 18. Qd3 Qf4+ 19. Kg2 Rae8 20. Qe4
Qg5+ 21. Kh2 Rxe5 22. Qxe5 Bd6 23. f4 Bxe5 24. fxe5 Qf4+ 25. Kg2 Re8 0-1

[Event "First Saturday 2008 oktober FM-A"]
[Site "?"]
[Date "2008.10.10"]
[Round "7"]
[White "Teglas, Balazs"]
[Black "Jensen, Leif"]
[Result "1/2-1/2"]
[WhiteElo "2173"]
[BlackElo "2036"]
[PlyCount "93"]
[EventDate "2008.10.04"]

1. d4 d5 2. Bf4 c6 3. e3 Bf5 4. Bd3 Bg6 5. Nf3 e6 6. O-O Bd6 7. Ne5 Bxe5 8.
Bxe5 Nf6 9. Qe2 O-O 10. Nd2 Nbd7 11. Bg3 Re8 12. Bxg6 hxg6 13. c4 e5 14. dxe5
Nxe5 15. Rfd1 Qe7 16. cxd5 Nxd5 17. e4 Nf6 18. f4 Ned7 19. e5 Nd5 20. Ne4 Nf8
21. Qf3 Ne6 22. Nd6 Rf8 23. Rac1 f6 24. Qe4 f5 25. Qf3 g5 26. fxg5 Nxg5 27. Qh5
Ne4 28. Nxf5 Qe6 29. Nd4 Nxg3 30. hxg3 Qf7 31. Qxf7+ Rxf7 32. Rf1 Re8 33. Rxf7
Kxf7 34. Rf1+ Kg6 35. Nf3 Re7 36. g4 Ne3 37. Nh4+ Kg5 38. Nf5 Nxf5 39. Rxf5+
Kxg4 40. Rf3 g5 41. e6 b6 42. Rf7 Rxe6 43. Rxa7 Re2 44. Ra4+ Kg3 45. Ra3+ Kf4
46. Rb3 b5 47. Kh2 1/2-1/2

[Event "First Saturday 2008 oktober FM-A"]
[Site "?"]
[Date "2008.10.11"]
[Round "8"]
[White "Yefimov, Mstislav"]
[Black "Ignacz, Rozsa"]
[Result "0-1"]
[WhiteElo "1978"]
[BlackElo "2061"]
[PlyCount "122"]
[EventDate "2008.10.04"]

1. d4 Nf6 2. c4 e6 3. Nc3 Bb4 4. Qc2 d5 5. a3 Bxc3+ 6. Qxc3 Ne4 7. Qc2 c5 8. e3
cxd4 9. exd4 Nc6 10. Nf3 O-O 11. Bd3 f5 12. O-O Qf6 13. cxd5 exd5 14. Qa4 f4
15. Qb3 Be6 16. Qxb7 Nxd4 17. Bxe4 Rab8 18. Qa6 Nb3 19. Bxf4 dxe4 20. Bxb8 exf3
21. Bxa7 Qg6 22. g3 Nxa1 23. Rxa1 Qf5 24. Bd4 h5 25. Re1 Bc8 26. Qc4+ Kh7 27.
Bc3 Qh3 28. Qf1 Qg4 29. Re7 Rg8 30. Re3 Rf8 31. Qd3+ Bf5 32. Qf1 Rf7 33. h4 Rd7
34. Kh2 Rd1 35. Re1 Rd7 36. Re5 Bg6 37. Qh3 Qa4 38. Qe6 Qa7 39. Kg1 Rd1+ 40.
Re1 Rd7 41. Qe3 Qb7 42. a4 Qd5 43. Qe5 Qc4 44. Qf4 Qc6 45. a5 Rf7 46. Qb8 Rb7
47. Qe5 Rf7 48. Qe6 Qa4 49. Re5 Qd1+ 50. Re1 Qa4 51. b4 Qc2 52. Qe3 Qf5 53. Qe6
Qc2 54. Bd4 Qd3 55. Bc5 Rf6 56. Qh3 Qd5 57. Qf1 Qb3 58. Rd1 Bf5 59. Ra1 Bd3 60.
Qd1 Qc4 61. Kh2 Rf4 0-1

[Event "First Saturday 2008 oktober FM-A"]
[Site "?"]
[Date "2008.10.11"]
[Round "8"]
[White "Jensen, Leif"]
[Black "Cox, Tristan A"]
[Result "1-0"]
[WhiteElo "2036"]
[BlackElo "2133"]
[PlyCount "61"]
[EventDate "2008.10.04"]

1. e4 d5 2. exd5 Nf6 3. Nc3 g6 4. Bb5+ Nbd7 5. Nf3 Bg7 6. O-O O-O 7. Bxd7 Qxd7
8. d4 Nxd5 9. Nxd5 Qxd5 10. c3 Bg4 11. h3 Bxf3 12. Qxf3 Qxf3 13. gxf3 e6 14.
Re1 c6 15. a4 a5 16. Bf4 b5 17. Be5 Bxe5 18. Rxe5 Rfb8 19. axb5 Rxb5 20. b4
Rxe5 21. dxe5 a4 22. Kf1 c5 23. Ke2 cxb4 24. cxb4 a3 25. Kd3 a2 26. Kc4 Ra3 27.
b5 Ra4+ 28. Kb3 Rf4 29. Rxa2 Rxf3+ 30. Kc4 Rxh3 31. b6 1-0

[Event "First Saturday 2008 oktober FM-A"]
[Site "?"]
[Date "2008.10.11"]
[Round "8"]
[White "Lantos, Attila"]
[Black "Teglas, Balazs"]
[Result "0-1"]
[WhiteElo "1957"]
[BlackElo "2173"]
[PlyCount "52"]
[EventDate "2008.10.04"]

1. e4 c5 2. Nf3 g6 3. c3 Bg7 4. h4 h5 5. Na3 Nh6 6. d3 O-O 7. Ng5 d5 8. Be3 Nc6
9. Be2 d4 10. Bd2 dxc3 11. bxc3 Ne5 12. Qc2 b6 13. Rb1 Ba6 14. Nb5 Bxb5 15.
Rxb5 Qd7 16. a4 Rad8 17. d4 cxd4 18. cxd4 Qxd4 19. Be3 Qd6 20. Rd5 Qb8 21. Bd2
Rc8 22. Qa2 e6 23. Rb5 Rfd8 24. Rh3 Rc5 25. f4 Neg4 26. e5 Qc7 0-1

[Event "First Saturday 2008 oktober FM-A"]
[Site "?"]
[Date "2008.10.11"]
[Round "8"]
[White "Cilia Vincenti, David"]
[Black "Torok, Tamas Titusz"]
[Result "0-1"]
[WhiteElo "2108"]
[BlackElo "2109"]
[PlyCount "64"]
[EventDate "2008.10.04"]

1. d4 d5 2. c4 e5 3. dxe5 d4 4. Nf3 Nc6 5. Nbd2 Bg4 6. h3 Be6 7. g3 Qd7 8. Bg2
h6 9. h4 Nge7 10. O-O O-O-O 11. b3 Ng6 12. a3 Bh3 13. Re1 Bxg2 14. Kxg2 Ngxe5
15. Nxe5 Nxe5 16. Nf3 Qc6 17. Bf4 f6 18. h5 g5 19. hxg6 Nxg6 20. Qd2 h5 21. Rh1
Be7 22. Rh3 Qe4 23. Qd3 Nxf4+ 24. gxf4 Qxf4 25. Rah1 Bxa3 26. Rg3 h4 27. Rg7 f5
28. Kh3 Qe4 29. Rhg1 Rhe8 30. Rf7 Re7 31. Rxf5 Qxe2 32. Ne5 Rxe5 0-1

[Event "First Saturday 2008 oktober FM-A"]
[Site "?"]
[Date "2008.10.11"]
[Round "8"]
[White "Borda, Lajos"]
[Black "Csapo, Zoltan"]
[Result "1-0"]
[WhiteElo "2167"]
[BlackElo "2107"]
[PlyCount "45"]
[EventDate "2008.10.04"]

1. d4 Nf6 2. c4 g6 3. Nc3 d5 4. cxd5 Nxd5 5. Bd2 Bg7 6. e4 Nxc3 7. Bxc3 O-O 8.
Bc4 Nd7 9. Nf3 Nf6 10. Qc2 c5 11. dxc5 Qc7 12. O-O Bg4 13. Ne5 Be6 14. Bxe6
fxe6 15. Qb3 Qc8 16. Qc4 a5 17. Rad1 Ra6 18. c6 bxc6 19. Nd7 Nxd7 20. Qxe6+ Rf7
21. Rxd7 c5 22. Qd5 Ra8 23. Rxe7 1-0

[Event "First Saturday 2008 oktober FM-A"]
[Site "?"]
[Date "2008.10.11"]
[Round "8"]
[White "Henrichsen, Jens"]
[Black "Tesik, Csaba"]
[Result "0-1"]
[WhiteElo "1987"]
[BlackElo "2093"]
[PlyCount "122"]
[EventDate "2008.10.04"]

1. d4 Nf6 2. c4 g6 3. Nc3 Bg7 4. e4 d6 5. Be2 O-O 6. Nf3 c6 7. O-O a6 8. a4 a5
9. Re1 Qc7 10. h3 e5 11. Be3 Na6 12. Bf1 Re8 13. dxe5 dxe5 14. Qb3 Nd7 15. Rad1
Ndc5 16. Qc2 Nb4 17. Qb1 Bf8 18. b3 h6 19. Nh2 Nba6 20. Be2 Qb6 21. Qa1 Qc7 22.
Qb1 Qb6 23. Qa1 Qc7 24. Qb1 Bg7 25. Rc1 Be6 26. Nf1 Rad8 27. Nd5 Qb8 28. f3 f5
29. Nc3 f4 30. Bf2 Bf8 31. Kh1 Rd7 32. Kh2 Qc8 33. Nd5 Rf7 34. Rc3 g5 35. Kg1
Qd8 36. Rec1 cxd5 37. cxd5 Bd7 38. Bb5 b6 39. Bc4 Bd6 40. Kh1 h5 41. Qb2 Nb4
42. Qe2 Rg7 43. Nh2 Kf7 44. Qe1 Rh8 45. Kg1 g4 46. Bh4 Qg8 47. fxg4 hxg4 48. g3
gxh3 49. Kh1 Qh7 50. Rf3 Qxe4 51. gxf4 Qxe1+ 52. Rxe1 exf4 53. Be7 Bxe7 54. d6+
Ke8 55. Bb5 Bxb5 56. axb5 Nbd3 57. Re2 Kd7 58. dxe7 Rxe7 59. Rd2 Kc7 60. Ng4
Re1+ 61. Kh2 Rb1 0-1

[Event "First Saturday 2008 oktober FM-A"]
[Site "?"]
[Date "2008.10.12"]
[Round "9"]
[White "Tesik, Csaba"]
[Black "Yefimov, Mstislav"]
[Result "1/2-1/2"]
[WhiteElo "2093"]
[BlackElo "1978"]
[PlyCount "73"]
[EventDate "2008.10.04"]

1. e4 c5 2. Nf3 e6 3. d4 cxd4 4. Nxd4 a6 5. Nc3 b5 6. Be3 Qc7 7. Bd3 Bb4 8. O-O
Bb7 9. Qg4 g6 10. f4 Bxc3 11. bxc3 Nf6 12. Qf3 d5 13. e5 Ne4 14. Bxe4 dxe4 15.
Qh3 Bd5 16. Bf2 Nd7 17. Nb3 Rc8 18. Bd4 O-O 19. Rfe1 f6 20. exf6 Nxf6 21. Rf1
Nd7 22. Qh6 e5 23. fxe5 Nxe5 24. Qg5 Bxb3 25. axb3 Nc6 26. Qd5+ Rf7 27. Rxa6
Nxd4 28. cxd4 Qb7 29. Qe6 Rxc2 30. Rb6 Qe7 31. Qxf7+ Qxf7 32. Rxf7 Kxf7 33.
Rxb5 Rd2 34. d5 Kf6 35. Kf1 Ke5 36. d6+ Kxd6 37. Rg5 1/2-1/2

[Event "First Saturday 2008 oktober FM-A"]
[Site "?"]
[Date "2008.10.12"]
[Round "9"]
[White "Torok, Tamas Titusz"]
[Black "Borda, Lajos"]
[Result "1/2-1/2"]
[WhiteElo "2109"]
[BlackElo "2167"]
[PlyCount "56"]
[EventDate "2008.10.04"]

1. e4 c5 2. Nf3 a6 3. c3 d5 4. exd5 Qxd5 5. d4 Nf6 6. Be2 e6 7. O-O Nbd7 8. c4
Qd6 9. Nc3 Be7 10. Be3 O-O 11. Qc1 cxd4 12. Nxd4 Qc7 13. b3 b6 14. Bf4 Bd6 15.
Bxd6 Qxd6 16. Bf3 Rb8 17. Rd1 Ne5 18. Be2 Qc7 19. Qf4 Bb7 20. Qg3 Rbc8 21. Rac1
Ng6 22. Bf3 Bxf3 23. Qxc7 Rxc7 24. Nxf3 Rfc8 25. a4 Kf8 26. Rd6 Rc6 27. Rd2 Ke7
28. Rcd1 R6c7 1/2-1/2

[Event "First Saturday 2008 oktober FM-A"]
[Site "?"]
[Date "2008.10.12"]
[Round "9"]
[White "Teglas, Balazs"]
[Black "Cilia Vincenti, David"]
[Result "0-1"]
[WhiteElo "2173"]
[BlackElo "2108"]
[PlyCount "54"]
[EventDate "2008.10.04"]

1. d4 d5 2. c4 dxc4 3. Nf3 Nf6 4. e3 e6 5. Bxc4 c5 6. O-O a6 7. a4 Nc6 8. Qe2
cxd4 9. Rd1 Be7 10. exd4 O-O 11. Nc3 Nd5 12. Ne5 Nxc3 13. bxc3 Nxe5 14. dxe5
Qc7 15. Qe4 Bd7 16. Rd3 Bc6 17. Qe2 b5 18. Ba2 bxa4 19. Rh3 Rfd8 20. Bd2 Qd7
21. Bf4 Rab8 22. Re1 a3 23. Bb1 g6 24. Bc2 a2 25. Bd3 Rb1 26. Bxb1 a1=Q 27.
Bxg6 Qxe1+ 0-1

[Event "First Saturday 2008 oktober FM-A"]
[Site "?"]
[Date "2008.10.12"]
[Round "9"]
[White "Cox, Tristan A"]
[Black "Lantos, Attila"]
[Result "1-0"]
[WhiteElo "2133"]
[BlackElo "1957"]
[PlyCount "61"]
[EventDate "2008.10.04"]

1. Nf3 f5 2. d3 Nf6 3. e4 fxe4 4. dxe4 e5 5. Bc4 c6 6. O-O d5 7. exd5 e4 8. Nc3
Bf5 9. Nh4 Bg6 10. Re1 Bb4 11. Bg5 Bxc3 12. bxc3 Qe7 13. d6 Qe5 14. Bxf6 gxf6
15. Qg4 Kf8 16. Qc8+ Be8 17. Qxb7 Nd7 18. Qxa8 Nb6 19. d7 Nxd7 20. Qxa7 Qxc3
21. Bb3 f5 22. Nxf5 Qf6 23. Qd4 Qxd4 24. Nxd4 Nf6 25. a4 Kg7 26. a5 Bd7 27. a6
Ra8 28. a7 Kg6 29. Reb1 c5 30. Ne6 Bxe6 31. Bxe6 1-0

[Event "First Saturday 2008 oktober FM-A"]
[Site "?"]
[Date "2008.10.12"]
[Round "9"]
[White "Ignacz, Rozsa"]
[Black "Jensen, Leif"]
[Result "1/2-1/2"]
[WhiteElo "2061"]
[BlackElo "2036"]
[PlyCount "50"]
[EventDate "2008.10.04"]

1. d4 d5 2. c4 c6 3. Nc3 Nf6 4. Nf3 e6 5. e3 Nbd7 6. Bd3 Bd6 7. O-O O-O 8. e4
dxc4 9. Bxc4 e5 10. Bg5 exd4 11. Qxd4 Bc5 12. Qd2 h6 13. Bh4 Ne5 14. Qxd8 Nxf3+
15. gxf3 Rxd8 16. Kg2 Be7 17. Rad1 Be6 18. Bxe6 fxe6 19. e5 Nd5 20. Nxd5 Bxh4
21. Nc7 Rac8 22. Nxe6 Re8 23. Nc5 Rxe5 24. Ne4 Rc7 25. Rfe1 Kf8 1/2-1/2

[Event "First Saturday 2008 oktober FM-A"]
[Site "?"]
[Date "2008.10.13"]
[Round "10"]
[White "Yefimov, Mstislav"]
[Black "Jensen, Leif"]
[Result "1-0"]
[WhiteElo "1978"]
[BlackElo "2036"]
[PlyCount "75"]
[EventDate "2008.10.04"]

1. d4 d5 2. c4 c6 3. Nc3 Nf6 4. Bg5 e6 5. e3 Nbd7 6. cxd5 exd5 7. Bd3 Be7 8.
Nge2 O-O 9. O-O Re8 10. f3 Nf8 11. Qc2 Ng6 12. Rad1 Nd7 13. Bxe7 Qxe7 14. e4
dxe4 15. fxe4 Nf6 16. Ng3 Bg4 17. Rde1 Rad8 18. h3 Qd6 19. Nce2 Bxe2 20. Nxe2
Qd7 21. Rd1 Qe7 22. Ng3 Qd7 23. Nf5 h6 24. e5 Nd5 25. Nd6 Ne3 26. Qb3 Nxf1 27.
Bxg6 Re7 28. Rxf1 Rf8 29. Rxf7 Rfxf7 30. Bxf7+ Rxf7 31. Qxf7+ Qxf7 32. Nxf7
Kxf7 33. Kf2 Ke6 34. Ke3 Kd5 35. Kf4 g6 36. h4 c5 37. dxc5 Kxc5 38. h5 1-0

[Event "First Saturday 2008 oktober FM-A"]
[Site "?"]
[Date "2008.10.13"]
[Round "10"]
[White "Lantos, Attila"]
[Black "Ignacz, Rozsa"]
[Result "1-0"]
[WhiteElo "1957"]
[BlackElo "2061"]
[PlyCount "71"]
[EventDate "2008.10.04"]

1. f4 d5 2. e3 Nf6 3. Nf3 c5 4. d3 Nc6 5. Be2 Bg4 6. O-O e6 7. Qe1 Qc7 8. a3
Bd6 9. Nc3 a6 10. Nh4 h5 11. g3 O-O-O 12. Na4 Bh3 13. Rf3 e5 14. b4 cxb4 15.
Bd2 Ng4 16. axb4 e4 17. Rf1 Bxf1 18. Bxf1 Be7 19. Nf5 Bf6 20. d4 g6 21. b5 gxf5
22. bxc6 Qxc6 23. Ba5 Kd7 24. Nc5+ Ke8 25. Rb1 Kf8 26. Rb6 Qc8 27. h3 Be7 28.
hxg4 Rg8 29. g5 Bxc5 30. dxc5 Rd7 31. Qb4 Kg7 32. Qd4+ Kf8 33. Bb4 Ke8 34. Bh3
Qc7 35. Bxf5 Rd8 36. g6 1-0

[Event "First Saturday 2008 oktober FM-A"]
[Site "?"]
[Date "2008.10.13"]
[Round "10"]
[White "Cilia Vincenti, David"]
[Black "Cox, Tristan A"]
[Result "0-1"]
[WhiteElo "2108"]
[BlackElo "2133"]
[PlyCount "64"]
[EventDate "2008.10.04"]

1. d4 d5 2. c4 e6 3. Nc3 Bb4 4. Qc2 Nc6 5. e3 Nf6 6. a3 Bxc3+ 7. Qxc3 e5 8. f3
exd4 9. exd4 dxc4 10. Bxc4 Qxd4 11. Ne2 Qxc3+ 12. Nxc3 Nd4 13. Kf2 Be6 14. Bxe6
Nxe6 15. Re1 O-O-O 16. Be3 Nd4 17. Rac1 Kb8 18. Bg5 Ne6 19. Bxf6 gxf6 20. Rcd1
Rxd1 21. Rxd1 Rd8 22. Rxd8+ Nxd8 23. Ke3 c5 24. Ke4 Kc7 25. Kf5 Kc6 26. a4 c4
27. Kxf6 Kc5 28. Ne4+ Kb4 29. Nd6 b6 30. Ke5 Ne6 31. Kd5 Nf4+ 32. Kc6 Nd3 0-1

[Event "First Saturday 2008 oktober FM-A"]
[Site "?"]
[Date "2008.10.13"]
[Round "10"]
[White "Borda, Lajos"]
[Black "Teglas, Balazs"]
[Result "1-0"]
[WhiteElo "2167"]
[BlackElo "2173"]
[PlyCount "78"]
[EventDate "2008.10.04"]

1. d4 c5 2. Nf3 Nf6 3. c4 e6 4. d5 exd5 5. cxd5 d6 6. Nc3 a6 7. a4 h6 8. e4
Nbd7 9. Be2 g5 10. Nd2 Ne5 11. Nc4 Nxc4 12. Bxc4 Bg7 13. Be2 Qe7 14. O-O O-O
15. Re1 Rb8 16. Qc2 Nd7 17. Rb1 f5 18. exf5 Ne5 19. g4 Nf3+ 20. Bxf3 Qxe1+ 21.
Kg2 Qe7 22. Bd2 b5 23. axb5 axb5 24. b4 c4 25. Ne2 Be5 26. Bc3 Qf6 27. Rd1 Bxc3
28. Nxc3 Bd7 29. Re1 Rfe8 30. Re6 Bxe6 31. dxe6 Qe5 32. Nd5 Rf8 33. Ne7+ Kg7
34. Ng6 Qa1 35. Qd2 Rbe8 36. Qxd6 Qf6 37. Qd7+ Kg8 38. e7 c3 39. exf8=Q+ Qxf8
1-0

[Event "First Saturday 2008 oktober FM-A"]
[Site "?"]
[Date "2008.10.13"]
[Round "10"]
[White "Henrichsen, Jens"]
[Black "Torok, Tamas Titusz"]
[Result "1-0"]
[WhiteElo "1987"]
[BlackElo "2109"]
[PlyCount "71"]
[EventDate "2008.10.04"]

1. d4 d5 2. c4 e5 3. dxe5 d4 4. Nf3 Nc6 5. a3 Bg4 6. Nbd2 a5 7. h3 Be6 8. b3
Bf5 9. g3 g5 10. Bg2 h6 11. g4 Bh7 12. Bb2 Bc5 13. h4 gxh4 14. Nxh4 Nxe5 15.
Bxb7 Rb8 16. Be4 Nxg4 17. Bxh7 Rxh7 18. Ne4 Be7 19. Nf5 c5 20. e3 N4f6 21.
Nxf6+ Bxf6 22. exd4 Rb6 23. Rg1 Rh8 24. Kf1 a4 25. b4 Qd7 26. Qg4 Kf8 27. b5 h5
28. Qf4 Re6 29. Rb1 cxd4 30. Bxd4 Qc8 31. c5 Bxd4 32. Qxd4 Nf6 33. c6 Rg8 34.
Qc5+ Ke8 35. Rxg8+ Nxg8 36. Ng7+ 1-0